Doğu Karadeniz bölgesi bölgesel kalkınma planı (Record no. 7619)

MARC details
000 -BAŞLIK
Sabit Uzunlukta Kontrol Alanı 00801na a2200229 4500
001 - KONTROL NUMARASI
Denetim Alanı 21295
003 - KONTROL NUMARASI IDENTIFIER
Denetim Alanı MIRAKIL
005 - SON İŞLEM TARİHİ VE ZAMANI
Denetim Alanı 20181213155145.0
008 - SABİT-BOY VERİ ELEMANLARI - GENEL BİLGİLER
Sabit Uzunlukta Kontrol Alanı 170203b tu 000 0
040 ## - KATALOGLAMA KAYNAK
Orijinal Kataloglama Ajansı Milas
Kataloglama Dili tur
Metne Dönüştürmek Ajansı TR-AnCHP
041 ## - DİL KODU
Metin / Ses Parça Veya Ayrı Başlığın Dil Kodu tur
082 ## - DEWEY ONLU SINIFLANDIRMA NUMARASI
Sınıflandırma Numarası 915.632
Ürün Numarası D63 1999
090 ## - SINIFLAMA NUMARASI
Sınıflama Numarası 915.632 D63 1999
245 ## - BAŞLIK TABLOSU
Başlık Doğu Karadeniz bölgesi bölgesel kalkınma planı
Başlığın Kalan Ana rapor
Sorumluluk Tablosu, Vb Türkiye Cumhuriyeti Başbakanlık Devlet Planlama Teşkilatı
260 ## - YAYIN, DAĞITIM, VB
Yayın, Dağıtım, Vb Yeri Ankara
Yayıncı, Dağıtıcı, Vs Adı Devlet Planlama Teşkilatı
Yayın, Dağıtım, Vb Tarihi 1999
300 ## - FİZİKSEL TANIM
Kapsam yaklaşık 70 s.
Diğer Fiziksel Ayrıntıları tbl. ; hrt.
Boyutlar 30 sm.
650 ## - KONU KATMA GİRİŞ - TOPİKAL DÖNEM
Topikal Süreli Veya Coğrafi Ad Giriş Elemanı Bölgesel kalkınma
Kronolojik Alt Bölümü Raporlar, 1999
650 ## - KONU KATMA GİRİŞ - TOPİKAL DÖNEM
Topikal Süreli Veya Coğrafi Ad Giriş Elemanı Doğu Karadeniz
Genel Alt Bölümü Bölgesel kalkınma
710 ## - KATMA GİRİŞ - KURUMSAL ADI
Giriş Elemanı Olarak Kurumsal Ad Veya Yargı Alanı Adı Japonya Uluslararası İşbirliği Ajansı (JICA)
710 ## - KATMA GİRİŞ - KURUMSAL ADI
Giriş Elemanı Olarak Kurumsal Ad Veya Yargı Alanı Adı Devlet Planlama Teşkilatı (DPT)
942 ## - EKLENDİ GİRİŞ ELEMANLARI (KOHA)
Sınıflandırma Veya Raf Düzeni Kaynak Dewey Decimal Classification
Koha Öğesi Türü Books
999 ## - SİSTEM KONTROL NUMARALARI (KOHA)
Koha Biblionumber 7619
Koha Biblioitemnumber 7619
Holdings
Kalıcı Konum Mevcut Konum Edinme Tarihi Edinim Kaynak Toplam Check-Out'Lar Tam Çağrı Numarası Barkod Tarih Son Görülme İtibaren Geçerli Fiyatlar Koha Öğesi Türü
CHP Kütüphanesi CHP Kütüphanesi 02/03/2017 Bağış   915.632 D63 1999 012229 02/03/2017 02/03/2017 Books